00643nam a2200157 a 4500008004100000050001100041100002900052245009100081246002200172260005800194350000900252650001200261995008100273999001700354952011400371120416s1997 ||||||||||||||||| || u aTHESIS aNdambo, Inonge Wamumbuwa10aSustainable development in the tourism industrycthesis supervised by Siasimuna, B. C. aa case for Zambia aKitwebCopperbelt University School of Businessc1997 a0.00 aTOURISM D0.00FCBU-MAIN LIBRARY (Kitwe)H1I0.00M1UAVAILABLEZUniversity Collection c59231d59231 00102lcc4070a001b001cUniversity Collectiond2022-11-30l0oTHESISp9007342r2022-11-30w2022-11-30y002